000 01586nam a22004097a 4500
003 OSt
005 20231204134124.0
008 211206b |||||||| |||| 00| 0 eng d
010 _a 2016013296
020 _a9781138902978 (alk. paper)
040 _aMMU
_beng
_cMMU
_erda
_dMMU
042 _apcc
050 0 0 _aPN1995.9.E78
_bE36 2016
082 0 0 _a809/.9336
_223
245 0 0 _aEcocriticism and indigenous studies :
_bconversations from earth to cosmos /
_cedited by Salma Monani and Joni Adamson.
264 1 _aNew York :
_bRoutledge,
_c2017.
300 _axvi, 252 pages :
_billustrations ;
_c24 cm.
336 _atext
_2rdacontent
337 _aunmediated
_2rdamedia
338 _avolume
_2rdacarrier
490 0 _aRoutledge interdisciplinary perspectives on literature ;
_v69
504 _aIncludes bibliographical references and index.
650 0 _aEnvironmental protection and motion pictures.
650 0 _aIndigenous peoples and mass media.
650 0 _aEcology in motion pictures.
650 0 _aIndians of North America in motion pictures.
650 0 _aDocumentary films
_xHistory and criticism.
650 0 _aPerforming arts
_xEnvironmental aspects.
650 0 _aIndigenous peoples
_xIntellectual life.
650 0 _aIndigenous peoples
_xEcology.
650 0 _aEcocriticism.
700 1 _aAdamson, Joni,
_d1958-
_eeditor.
700 1 _aMonani, Salma
_eeditor.
906 _a7
_bcbc
_corignew
_d1
_eecip
_f20
_gy-gencatlg
942 _2lcc
_cLOAN LOAN
999 _c32150
_d32147